Fundamental accounting principles / (Record no. 16438)

000 -LEADER
fixed length control field 00606cam a22002054a 4500
020 ## - INTERNATIONAL STANDARD BOOK NUMBER
ISBN 0072512431 (alk. paper)
040 ## - CATALOGING SOURCE
Transcribing agency DLC
082 00 - DEWEY DECIMAL CLASSIFICATION NUMBER
Classification number 657
100 1# - MAIN ENTRY--AUTHOR NAME
Personal name Larson, Kermit D.
245 10 - TITLE STATEMENT
Title Fundamental accounting principles /
250 ## - EDITION STATEMENT
Edition statement 17th ed.
260 ## - PUBLICATION, DISTRIBUTION, ETC. (IMPRINT)
Place of publication Boston, Mass. :
Name of publisher McGraw-Hill,
Year of publication c2005.
300 ## - PHYSICAL DESCRIPTION
Number of Pages 1 v. (various pagings) :
Other physical details col. ill. ;
Dimensions 29 cm.
500 ## - GENERAL NOTE
General note A variety of multi-media instructional aids are available to support the text.
500 ## - GENERAL NOTE
General note Includes index.
650 #0 - SUBJECT ADDED ENTRY--TOPICAL TERM
Topical Term Accounting.
700 1# - ADDED ENTRY--PERSONAL NAME
Personal name Wild, John J.
700 1# - ADDED ENTRY--PERSONAL NAME
Personal name Chiappetta, Barbara.
942 ## - ADDED ENTRY ELEMENTS (KOHA)
Koha item type ADB

No items available.

មជ្ឈមណ្ឌលឯការនៃសាកលវិទ្យាល័យភូមិន្ទកសិកម្មចំការដូង

Powered by Koha